[Event "PRO League Pacific"]
[Site "chess.com INT"]
[Date "2017.01.25"]
[Round "3"]
[White "Kovalyov, Anton"]
[Black "Naroditsky, Daniel"]
[Result "1/2-1/2"]
[WhiteElo "2647"]
[BlackElo "2646"]
[PlyCount "95"]
[GameId "2130307636821153"]
[EventDate "2017.01.11"]
[EventType "team"]
[EventRounds "7"]
[EventCountry "USA"]
[SourceTitle "The Week in Chess 1160"]
[Source "Mark Crowther"]
[SourceDate "2017.01.30"]
[SourceVersion "1"]
[SourceVersionDate "2017.01.30"]
[SourceQuality "2"]
[WhiteTeam "Rio Grande Ospreys"]
[BlackTeam "San Jose Hackers"]

1. c4 e5 2. g3 Nc6 3. Bg2 Bc5 4. Nc3 a6 5. e3 d6 6. Nge2 Ba7 7. d4 exd4 8. Nxd4 Nxd4 9. exd4 Ne7 10. O-O O-O 11. b3 Nf5 12. Ne2 c6 13. Bb2 d5 14. cxd5 cxd5 15. Nf4 Be6 16. Re1 Qd7 17. Rc1 Rad8 18. Qd2 Qd6 19. Bc3 Rfe8 20. Ba5 Rc8 21. Bb4 Qd7 22. Bc5 Bb8 23. Re2 b6 24. Ba3 Rxc1+ 25. Bxc1 Rc8 26. Bb2 h6 27. Nxe6 fxe6 28. Bh3 Rf8 29. Qe1 Kf7 30. Qb4 Qd6 31. Qd2 Rc8 32. Qd3 Qd7 33. Qxa6 b5 34. Bxf5 exf5 35. Ba3 Rc6 36. Qa8 Re6 37. Rxe6 Qxe6 38. Qb7+ Kg6 39. Bb4 Qe4 40. Qxb8 Qb1+ 41. Kg2 Qe4+ 42. f3 Qe2+ 43. Kg1 Qd1+ 44. Kg2 Qe2+ 45. Kg1 Qd1+ 46. Kg2 Qe2+ 47. Kg1 Qd1+ 48. Kg2 1/2-1/2

[Event "PRO League Pacific"]
[Site "chess.com INT"]
[Date "2017.01.25"]
[Round "3"]
[White "Virtanen, Teemu"]
[Black "Kovalyov, Anton"]
[Result "0-1"]
[WhiteElo "2161"]
[BlackElo "2647"]
[PlyCount "112"]
[GameId "2130307636821181"]
[EventDate "2017.01.11"]
[EventType "team"]
[EventRounds "7"]
[EventCountry "USA"]
[SourceTitle "The Week in Chess 1160"]
[Source "Mark Crowther"]
[SourceDate "2017.01.30"]
[SourceVersion "1"]
[SourceVersionDate "2017.01.30"]
[SourceQuality "2"]
[WhiteTeam "San Jose Hackers"]
[BlackTeam "Rio Grande Ospreys"]

1. e4 c5 2. Nf3 d6 3. d4 cxd4 4. Nxd4 Nf6 5. Nc3 a6 6. g3 e5 7. Nde2 Be6 8. Bg2 b5 9. Bg5 Nbd7 10. a3 Be7 11. h3 Qc7 12. O-O O-O 13. g4 Nb6 14. Qc1 Rac8 15. Ng3 Rfd8 16. Rd1 Nc4 17. Nce2 h6 18. Bd2 Nxd2 19. Rxd2 Nd7 20. Qd1 Nb6 21. c3 Bg5 22. Rd3 Bc4 23. Rf3 d5 24. Qc2 d4 25. cxd4 exd4 26. Qd1 d3 27. Nc3 Na4 28. Nxa4 bxa4 29. Qxa4 Bb5 30. Qb3 Bc1 31. Nf1 d2 32. Nxd2 Bxd2 33. Bf1 Bxf1 34. Rxf1 Qc4 35. Rd1 Qxb3 36. Rxb3 Rc1 37. Rxc1 Bxc1 38. Rb6 Rd2 39. Rxa6 Bxb2 40. f4 Bd4+ 41. Kh1 Be3 42. e5 Bxf4 43. e6 fxe6 44. Rxe6 Rh2+ 45. Kg1 Rxh3 46. a4 Kf7 47. Re4 g5 48. Rb4 Ra3 49. Kg2 Ke6 50. Kf2 Kd5 51. Kg2 Bd6 52. Rb5+ Kc6 53. Ra5 Bc7 54. Ra8 Rg3+ 55. Kf2 Rxg4 56. Ra6+ Bb6+ 0-1

[Event "Pan-Am Intercoll."]
[Site "Kenner USA"]
[Date "2016.12.27"]
[Round "1.2"]
[White "Linde, Darcy J"]
[Black "Kovalyov, Anton"]
[Result "0-1"]
[WhiteElo "1989"]
[BlackElo "2647"]
[PlyCount "78"]
[GameId "2130307637222606"]
[EventDate "2016.12.27"]
[EventType "team"]
[EventRounds "6"]
[EventCountry "USA"]
[SourceTitle "10 Days #494"]
[Source "Chess Mix"]
[WhiteTeam "University Of Chicago - B"]
[BlackTeam "U Of Tx - Rio Grande Valley - A"]

1. d4 Nf6 2. Nf3 e6 3. Bf4 c5 4. e3 cxd4 5. exd4 b6 6. c3 Bb7 7. Nbd2 Be7 8. h3 O-O 9. Bd3 d6 10. O-O Nbd7 11. Re1 Re8 12. Qe2 Bf8 13. Ba6 Qc8 14. Bxb7 Qxb7 15. Rad1 b5 16. Bg5 Rac8 17. a3 a5 18. Nb3 Ra8 19. Nc1 Nd5 20. Nd3 N7b6 21. Nd2 h6 22. Bh4 Nc4 23. Rb1 Rac8 24. Bg3 Nxa3 25. bxa3 Nxc3 26. Qe3 Nxb1 27. Rxb1 Qd5 28. Nf4 Qf5 29. Qe4 Qxe4 30. Nxe4 f5 31. Nd2 g5 32. Nh5 Kf7 33. Bh2 Rc2 34. Nf1 Rb8 35. f4 Kg6 36. g4 b4 37. axb4 axb4 38. Re1 b3 39. Ne3 b2 0-1

[Event "Pan-Am Intercoll."]
[Site "Kenner USA"]
[Date "2016.12.28"]
[Round "2.2"]
[White "Kovalyov, Anton"]
[Black "Andrenko, Irina"]
[Result "1-0"]
[WhiteElo "2647"]
[BlackElo "2183"]
[PlyCount "65"]
[GameId "2130307637222620"]
[EventDate "2016.12.27"]
[EventType "team"]
[EventRounds "6"]
[EventCountry "USA"]
[SourceTitle "10 Days #494"]
[Source "Chess Mix"]
[WhiteTeam "U Of Tx - Rio Grande Valley - A"]
[BlackTeam "Texas Tech University - B"]

1. c4 Nf6 2. Nf3 g6 3. Nc3 Bg7 4. e4 d6 5. d4 O-O 6. Be2 c5 7. O-O Re8 8. Re1 cxd4 9. Nxd4 Nc6 10. Nc2 a5 11. Be3 Nd7 12. Na3 Nc5 13. f3 a4 14. Nab5 Bd7 15. Nd5 Rf8 16. Qd2 f5 17. exf5 Bxf5 18. Rad1 Qa5 19. Nxe7+ Nxe7 20. Qxd6 b6 21. Bd2 Nc8 22. Qd5+ Be6 23. Qc6 Bd7 24. Qxd7 Nxd7 25. Bxa5 Rxa5 26. Rxd7 Bxb2 27. Bd3 Bf6 28. Re6 a3 29. Be4 Bg5 30. Bxg6 hxg6 31. Rxg6+ Kh8 32. Rxg5 Ra4 33. Rd4 1-0

[Event "Pan-Am Intercoll."]
[Site "Kenner USA"]
[Date "2016.12.28"]
[Round "3.2"]
[White "Sukandar, Irene Kharisma"]
[Black "Kovalyov, Anton"]
[Result "0-1"]
[WhiteElo "2421"]
[BlackElo "2647"]
[PlyCount "70"]
[GameId "2130307637222632"]
[EventDate "2016.12.27"]
[EventType "team"]
[EventRounds "6"]
[EventCountry "USA"]
[SourceTitle "10 Days #494"]
[Source "Chess Mix"]
[WhiteTeam "Webster University - C"]
[BlackTeam "U Of Tx - Rio Grande Valley - A"]

1. e4 c5 2. Nf3 d6 3. Bb5+ Bd7 4. Bxd7+ Qxd7 5. c4 Nf6 6. Nc3 g6 7. O-O Bg7 8. d4 cxd4 9. Nxd4 O-O 10. Nc2 Nc6 11. Rb1 a6 12. Qe2 Rfb8 13. Rd1 Qc8 14. Nd5 b5 15. Bg5 Qb7 16. Bxf6 exf6 17. Nce3 Re8 18. Ng4 Kh8 19. Qf3 bxc4 20. Ndxf6 Re6 21. e5 h5 22. Ne3 dxe5 23. Nd7 Re7 24. Nc5 Qb5 25. Rd6 Rc8 26. Qh3 Rb8 27. Nd7 Rd8 28. Nd5 Re6 29. Rxe6 Qxd5 30. Rxc6 Qxc6 31. Rd1 f5 32. Qf3 e4 33. Ne5 Rxd1+ 34. Qxd1 Bxe5 35. Qd8+ Kh7 0-1

[Event "Pan-Am Intercoll."]
[Site "Kenner USA"]
[Date "2016.12.29"]
[Round "4.2"]
[White "Kovalyov, Anton"]
[Black "Hernandez Carmenates, Holden"]
[Result "1/2-1/2"]
[WhiteElo "2647"]
[BlackElo "2501"]
[PlyCount "54"]
[GameId "2130307637222646"]
[EventDate "2016.12.27"]
[EventType "team"]
[EventRounds "6"]
[EventCountry "USA"]
[SourceTitle "10 Days #494"]
[Source "Chess Mix"]
[WhiteTeam "U Of Tx - Rio Grande Valley - A"]
[BlackTeam "University Of Texas - Dallas - B"]

1. c4 Nf6 2. Nf3 e6 3. g3 b6 4. Bg2 Bb7 5. O-O Be7 6. d4 O-O 7. Re1 Na6 8. Bg5 c5 9. Nc3 d5 10. Bxf6 Bxf6 11. cxd5 exd5 12. Rc1 Re8 13. Qd2 Qe7 14. Red1 Rad8 15. Qc2 Nb4 16. Qb1 Nc6 17. e3 cxd4 18. exd4 Qd6 19. Qc2 g6 20. h4 Qb8 21. Qd2 Ne7 22. Re1 Nf5 23. Rcd1 Nd6 24. Rxe8+ Rxe8 25. Re1 Ne4 26. Nxe4 dxe4 27. Ng5 Qd6 1/2-1/2

[Event "Pan-Am Intercoll."]
[Site "Kenner USA"]
[Date "2016.12.29"]
[Round "5.2"]
[White "Kovalyov, Anton"]
[Black "Popilski, Gil"]
[Result "0-1"]
[WhiteElo "2647"]
[BlackElo "2553"]
[PlyCount "126"]
[GameId "2130307637222661"]
[EventDate "2016.12.27"]
[EventType "team"]
[EventRounds "6"]
[EventCountry "USA"]
[SourceTitle "10 Days #494"]
[Source "Chess Mix"]
[WhiteTeam "U Of Tx - Rio Grande Valley - A"]
[BlackTeam "University Of Texas - Dallas - A"]

1. c4 c5 2. Nf3 Nf6 3. Nc3 d5 4. cxd5 Nxd5 5. Qb3 e6 6. g3 Nc6 7. Bg2 Be7 8. O-O O-O 9. Rd1 Ndb4 10. Rf1 e5 11. Qd1 Be6 12. b3 f6 13. Bb2 Qd7 14. d3 Rfd8 15. Nd2 Rac8 16. Nc4 Bf8 17. Rc1 Rb8 18. a3 Na6 19. Ne4 b5 20. Ncd2 Nd4 21. Bxd4 cxd4 22. b4 Rbc8 23. f4 exf4 24. Rxf4 f5 25. Ng5 g6 26. Rxc8 Rxc8 27. Nxe6 Qxe6 28. Qb3 Qxb3 29. Nxb3 Bh6 30. Bb7 Rc3 31. Rf1 Nc7 32. Rb1 Be3+ 33. Kg2 Kg7 34. h3 Kf6 35. g4 Ne6 36. gxf5 gxf5 37. h4 Nf4+ 38. Kf3 Rc7 39. Ba6 Nh5 40. Rh1 Rg7 41. Rh3 Rg1 42. Bxb5 Rf1+ 43. Kg2 Rf2+ 44. Kh1 Rxe2 45. Nc5 Re1+ 46. Kh2 Re2+ 47. Kh1 Re1+ 48. Kh2 Bg1+ 49. Kh1 Nf4 50. Rf3 Be3+ 51. Kh2 Re2+ 52. Kh1 Kg6 53. Be8+ Kh6 54. Bd7 Re1+ 55. Kh2 Re2+ 56. Kh1 Kh5 57. Bxf5 Re1+ 58. Kh2 Re2+ 59. Kh1 Kxh4 60. Ne6 Re1+ 61. Kh2 Bg1+ 62. Kh1 Bf2+ 63. Kh2 Bg3+ 0-1

[Event "Pan-Am Intercoll."]
[Site "Kenner USA"]
[Date "2016.12.30"]
[Round "6.2"]
[White "Le Quang, Liem"]
[Black "Kovalyov, Anton"]
[Result "1/2-1/2"]
[WhiteElo "2718"]
[BlackElo "2647"]
[PlyCount "119"]
[GameId "2130307637222674"]
[EventDate "2016.12.27"]
[EventType "team"]
[EventRounds "6"]
[EventCountry "USA"]
[SourceTitle "10 Days #494"]
[Source "Chess Mix"]
[WhiteTeam "Webster University - A"]
[BlackTeam "U Of Tx - Rio Grande Valley - A"]

1. d4 Nf6 2. c4 e6 3. Nf3 b6 4. g3 c6 5. Bg2 d5 6. O-O Be7 7. Nfd2 Ba6 8. b3 O-O 9. e4 Nbd7 10. Nc3 Rc8 11. e5 Ne8 12. Re1 Nc7 13. Bb2 c5 14. Nxd5 exd5 15. cxd5 cxd4 16. d6 Nc5 17. Bxd4 Nd3 18. dxe7 Qxe7 19. Re4 Rfd8 20. Qh5 Ne6 21. Be3 Qc7 22. Nc4 g6 23. Qh6 Bxc4 24. bxc4 Nxe5 25. Rh4 f6 26. Bd5 Rxd5 27. cxd5 Nf3+ 28. Kg2 Nxh4+ 29. Qxh4 Qe5 30. Rd1 Ng7 31. Qa4 Nf5 32. Bf4 Qe2 33. d6 Rc2 34. Qb3+ Kf8 35. Qf3 Qxf3+ 36. Kxf3 Ke8 37. d7+ Kd8 38. Bb8 a6 39. g4 Ne7 40. Ba7 Rc6 41. a4 Rc3+ 42. Ke2 Rc2+ 43. Ke3 Rc3+ 44. Ke2 Rc2+ 45. Kf3 Rc3+ 46. Kg2 Rc6 47. h4 h6 48. f3 g5 49. h5 f5 50. Rd4 fxg4 51. fxg4 Ng8 52. Rb4 Kxd7 53. Rxb6 Rxb6 54. Bxb6 Kc6 55. Bd8 Kd7 56. Ba5 Nf6 57. Bc3 Nxg4 58. Kf3 Nh2+ 59. Kg2 Ng4 60. Kf3 1/2-1/2

[Event "Abu Dhabi op"]
[Site "Abu Dhabi UAE"]
[Date "2016.08.21"]
[Round "1"]
[White "Kovalyov, Anton"]
[Black "Estremera Panos, Sergio"]
[Result "1/2-1/2"]
[WhiteElo "2617"]
[BlackElo "2360"]
[PlyCount "49"]
[GameId "2130307641109948"]
[EventDate "2016.08.21"]
[EventType "swiss"]
[EventRounds "9"]
[EventCountry "UAE"]
[SourceTitle "Mega2016 Update 48"]
[Source "Chessbase"]
[SourceDate "2016.09.02"]
[SourceVersion "1"]
[SourceVersionDate "2016.09.02"]
[SourceQuality "1"]

1. Nf3 c5 2. c4 Nc6 3. Nc3 g6 4. e3 Nf6 5. d4 cxd4 6. exd4 d5 7. cxd5 Nxd5 8. Qb3 Nxc3 9. Bc4 Nd5 10. Bxd5 e6 11. Bxc6+ bxc6 12. O-O Qd5 13. Bf4 f6 14. Rfc1 Be7 15. Rc2 Bd7 16. Qb7 O-O 17. Rac1 a5 18. Bg3 a4 19. Bc7 Rfc8 20. Bf4 Ra5 21. Nd2 Rb5 22. Qa7 Ra5 23. Qb7 Rb5 24. Qa7 Ra5 25. Qb7 1/2-1/2

[Event "Abu Dhabi op"]
[Site "Abu Dhabi UAE"]
[Date "2016.08.22"]
[Round "2"]
[White "Likhit, Chilukuri"]
[Black "Kovalyov, Anton"]
[Result "0-1"]
[WhiteElo "2133"]
[BlackElo "2617"]
[PlyCount "76"]
[GameId "2130307641110010"]
[EventDate "2016.08.21"]
[EventType "swiss"]
[EventRounds "9"]
[EventCountry "UAE"]
[SourceTitle "Mega2016 Update 48"]
[Source "Chessbase"]
[SourceDate "2016.09.02"]
[SourceVersion "1"]
[SourceVersionDate "2016.09.02"]
[SourceQuality "1"]

1. e4 c5 2. Nc3 Nc6 3. Bb5 e6 4. Bxc6 bxc6 5. f4 d5 6. d3 Ne7 7. Nf3 Ng6 8. O-O Bd6 9. Ne2 c4 10. e5 cxd3 11. cxd3 Qb6+ 12. Kh1 Be7 13. Qc2 c5 14. Be3 d4 15. Bf2 Bb7 16. Bg3 O-O 17. Nd2 f6 18. exf6 Rxf6 19. Nc4 Qa6 20. b3 Raf8 21. Rf2 h5 22. h3 e5 23. Raf1 Qe6 24. Kg1 h4 25. Bh2 exf4 26. Nxf4 Nxf4 27. Bxf4 g5 28. Be5 Rxf2 29. Rxf2 Bd5 30. Rxf8+ Bxf8 31. Qd2 Be7 32. Bb8 g4 33. hxg4 Qxg4 34. Ne5 Qg7 35. Qf2 Bg5 36. Kf1 Be3 37. Qe2 h3 38. g4 Qf6+ 0-1

[Event "Abu Dhabi op"]
[Site "Abu Dhabi UAE"]
[Date "2016.08.23"]
[Round "3"]
[White "Kovalyov, Anton"]
[Black "Savanovic, Aleksandar"]
[Result "1-0"]
[WhiteElo "2617"]
[BlackElo "2440"]
[PlyCount "143"]
[GameId "2130307641114152"]
[EventDate "2016.08.21"]
[EventType "swiss"]
[EventRounds "9"]
[EventCountry "UAE"]
[SourceTitle "Mega2016 Update 48"]
[Source "Chessbase"]
[SourceDate "2016.09.02"]
[SourceVersion "1"]
[SourceVersionDate "2016.09.02"]
[SourceQuality "1"]

1. c4 e6 2. Nc3 d5 3. d4 Nf6 4. cxd5 exd5 5. Bg5 Be7 6. e3 O-O 7. Bd3 c6 8. Qc2 Nbd7 9. h3 Re8 10. Nf3 Nf8 11. O-O Be6 12. Rab1 N6d7 13. Bf4 Rc8 14. b4 Nb6 15. a4 Bd6 16. Bxd6 Qxd6 17. a5 Nbd7 18. Na4 a6 19. Ng5 h6 20. Nxe6 Nxe6 21. Nc5 Ndxc5 22. bxc5 Qe7 23. Rb4 Rc7 24. Rfb1 Nd8 25. Qd1 Qf6 26. Qh5 Qg5 27. Qf3 g6 28. g3 Kg7 29. h4 Qf6 30. Qxf6+ Kxf6 31. g4 Ree7 32. Kg2 Re8 33. Rh1 Rce7 34. h5 g5 35. Rhb1 Rc7 36. Kf3 Ree7 37. Ke2 Ne6 38. Kd2 Kg7 39. f3 Kf8 40. Rf1 Ng7 41. Rb6 Ne8 42. Rfb1 Kg8 43. Bf5 Kf8 44. e4 Nf6 45. Kd3 Kg7 46. R6b2 Kg8 47. Rf1 Kg7 48. Rbf2 Re8 49. e5 Ng8 50. f4 Ree7 51. fxg5 hxg5 52. Kd2 Nh6 53. Bd3 Re6 54. Be2 Rc8 55. Rb1 Rc7 56. Rbf1 Rc8 57. Bd1 Rh8 58. Rf6 Rhe8 59. Be2 Kf8 60. Rb1 R8e7 61. Rf5 Nxf5 62. gxf5 Rh6 63. f6 Rc7 64. Bg4 Rh8 65. Rh1 Ke8 66. Ke3 Rd7 67. Bxd7+ Kxd7 68. Kf3 g4+ 69. Kxg4 Ke6 70. h6 Rg8+ 71. Kf4 Rh8 72. h7 1-0

[Event "Abu Dhabi op"]
[Site "Abu Dhabi UAE"]
[Date "2016.08.23"]
[Round "4"]
[White "Ly, Moulthun"]
[Black "Kovalyov, Anton"]
[Result "0-1"]
[WhiteElo "2501"]
[BlackElo "2617"]
[PlyCount "204"]
[GameId "2130307641118301"]
[EventDate "2016.08.21"]
[EventType "swiss"]
[EventRounds "9"]
[EventCountry "UAE"]
[SourceTitle "Mega2016 Update 48"]
[Source "Chessbase"]
[SourceDate "2016.09.02"]
[SourceVersion "1"]
[SourceVersionDate "2016.09.02"]
[SourceQuality "1"]

1. e4 c5 2. Nf3 d6 3. Bb5+ Bd7 4. Bxd7+ Qxd7 5. c4 Nf6 6. Nc3 g6 7. O-O Bg7 8. d4 cxd4 9. Nxd4 Nc6 10. Nde2 O-O 11. f3 Rfd8 12. Bg5 h6 13. Bh4 g5 14. Bf2 e6 15. Nd4 Rac8 16. b3 d5 17. exd5 exd5 18. c5 Nh5 19. Nxc6 Qxc6 20. Rc1 d4 21. Ne4 Nf4 22. Kh1 Qd5 23. Qd2 Rc6 24. Rfd1 Rd7 25. Bg3 Be5 26. b4 b5 27. a4 a6 28. axb5 axb5 29. Ra1 Re6 30. Bxf4 Bxf4 31. Qd3 Qc4 32. g3 Bc7 33. Ra7 Qxb4 34. Rb7 Qc4 35. g4 Qd5 36. Rxb5 Kg7 37. Rb4 Be5 38. Rc1 Bf4 39. Rc2 h5 40. Rb6 hxg4 41. Rxe6 fxe6 42. fxg4 Ra7 43. c6 Ra1+ 44. Kg2 Re1 45. c7 Bxc7 46. Rxc7+ Kg6 47. Kf3 Re3+ 48. Qxe3 dxe3 49. Kxe3 e5 50. Rc3 Qd4+ 51. Kf3 Qd1+ 52. Ke3 Qxg4 53. Rc6+ Kg7 54. Rc7+ Kf8 55. Ng3 Qd4+ 56. Ke2 e4 57. Rc8+ Kf7 58. Rc7+ Ke6 59. Re7+ Kf6 60. Rxe4 Qb2+ 61. Kf3 Qxh2 62. Ra4 Qg1 63. Ra6+ Kf7 64. Ra2 Qd4 65. Re2 g4+ 66. Kg2 Qd5+ 67. Kh2 Kg6 68. Rc2 Qf3 69. Ra2 Qb7 70. Rf2 Qh7+ 71. Kg1 Qh3 72. Rg2 Qh4 73. Nf1 Kg5 74. Rc2 Qe1 75. Rf2 Qe4 76. Ng3 Qb1+ 77. Kg2 Qb7+ 78. Kh2 Qh7+ 79. Kg1 Qh3 80. Nf1 Qd3 81. Rg2 Qd4+ 82. Kh1 Qe4 83. Kg1 Qb1 84. Rf2 Qb6 85. Kg2 Kh4 86. Rd2 Qc5 87. Rf2 Qd4 88. Rd2 Qe5 89. Kg1 Qc5+ 90. Kg2 Qc6+ 91. Kg1 Qb6+ 92. Kg2 Qc5 93. Rf2 Qc3 94. Rd2 g3 95. Re2 Qc6+ 96. Kg1 Kh3 97. Rd2 Qc5+ 98. Kh1 Qc1 99. Kg1 Qb1 100. Re2 Qd1 101. Rd2 Qf3 102. Rc2 g2 0-1

[Event "Abu Dhabi op"]
[Site "Abu Dhabi UAE"]
[Date "2016.08.24"]
[Round "5"]
[White "Kovalyov, Anton"]
[Black "Sadzikowski, Daniel"]
[Result "1/2-1/2"]
[WhiteElo "2617"]
[BlackElo "2551"]
[PlyCount "78"]
[GameId "2130307641118351"]
[EventDate "2016.08.21"]
[EventType "swiss"]
[EventRounds "9"]
[EventCountry "UAE"]
[SourceTitle "Mega2016 Update 48"]
[Source "Chessbase"]
[SourceDate "2016.09.02"]
[SourceVersion "1"]
[SourceVersionDate "2016.09.02"]
[SourceQuality "1"]

1. c4 e5 2. Nc3 Nf6 3. Nf3 Nc6 4. a3 g6 5. g3 Bg7 6. Bg2 O-O 7. d3 d6 8. O-O h6 9. e4 a5 10. Rb1 Nh7 11. b4 axb4 12. axb4 Ng5 13. b5 Nxf3+ 14. Bxf3 Ne7 15. Bg2 c6 16. Be3 f5 17. exf5 gxf5 18. Ne2 Qe8 19. Qd2 Qg6 20. f4 Re8 21. bxc6 bxc6 22. Rb6 Ra6 23. Rxa6 Bxa6 24. Ra1 Bc8 25. Ra8 h5 26. fxe5 dxe5 27. Bc5 Bf8 28. d4 f4 29. dxe5 fxg3 30. hxg3 h4 31. Qf4 Qb1+ 32. Qf1 Qxf1+ 33. Bxf1 Nf5 34. Bxf8 Kxf8 35. gxh4 Nxh4 36. Nd4 c5 37. Nb3 Nf3+ 38. Kf2 Nxe5 39. Nxc5 Bh3 1/2-1/2

[Event "Abu Dhabi op"]
[Site "Abu Dhabi UAE"]
[Date "2016.08.25"]
[Round "6"]
[White "Predke, Alexandr"]
[Black "Kovalyov, Anton"]
[Result "1-0"]
[WhiteElo "2553"]
[BlackElo "2617"]
[PlyCount "61"]
[GameId "2130307641122518"]
[EventDate "2016.08.21"]
[EventType "swiss"]
[EventRounds "9"]
[EventCountry "UAE"]
[SourceTitle "Mega2016 Update 48"]
[Source "Chessbase"]
[SourceDate "2016.09.02"]
[SourceVersion "1"]
[SourceVersionDate "2016.09.02"]
[SourceQuality "1"]

1. e4 c5 2. Nf3 d6 3. d4 cxd4 4. Nxd4 Nf6 5. Nc3 a6 6. h3 e5 7. Nde2 b5 8. Nd5 Nxe4 9. g3 Bb7 10. Bg2 Nc5 11. b4 Na4 12. c4 Qd7 13. O-O Nc6 14. cxb5 axb5 15. Be3 Ne7 16. Nec3 Nxc3 17. Nxc3 Bxg2 18. Kxg2 Ra3 19. Rc1 f6 20. Kh2 Kf7 21. Qe2 Qe6 22. Nxb5 Rxa2 23. Nxd6+ Kg8 24. Qd3 h5 25. b5 f5 26. b6 h4 27. g4 fxg4 28. hxg4 Nd5 29. Ne4 Rb2 30. Rb1 Nb4 31. Qb5 1-0

[Event "Abu Dhabi op"]
[Site "Abu Dhabi UAE"]
[Date "2016.08.27"]
[Round "7"]
[White "Kovalyov, Anton"]
[Black "Narayanan, Srinath"]
[Result "1-0"]
[WhiteElo "2617"]
[BlackElo "2477"]
[PlyCount "91"]
[GameId "2130307641126647"]
[EventDate "2016.08.21"]
[EventType "swiss"]
[EventRounds "9"]
[EventCountry "UAE"]
[SourceTitle "Mega2016 Update 48"]
[Source "Chessbase"]
[SourceDate "2016.09.02"]
[SourceVersion "1"]
[SourceVersionDate "2016.09.02"]
[SourceQuality "1"]

1. d4 Nf6 2. Nf3 g6 3. c4 Bg7 4. Nc3 O-O 5. e4 d6 6. Be2 e5 7. Be3 exd4 8. Bxd4 Re8 9. Qc2 Nc6 10. Be3 Bg4 11. O-O Nd7 12. Rad1 Bxc3 13. Qxc3 Rxe4 14. h3 Bxf3 15. Bxf3 Rh4 16. b3 Nde5 17. Bd5 Qf6 18. Qd2 Rh5 19. f4 Nd7 20. Bf3 Rh4 21. g3 Rxh3 22. Qg2 Rh6 23. g4 Qe7 24. Bc1 g5 25. fxg5 Rg6 26. Be4 Rg7 27. Bxc6 bxc6 28. Qxc6 Rc8 29. Qb7 Qe8 30. Qxa7 Nc5 31. Rde1 Qd7 32. Rf5 Qc6 33. Qa5 Nd3 34. Ref1 Qe4 35. Qd5 Qxg4+ 36. Qg2 Qd4+ 37. Kh1 Re8 38. Bf4 h6 39. Bh2 hxg5 40. Rxg5 Nf2+ 41. Qxf2 Qe4+ 42. Rg2 Kh8 43. Qf3 Rxg2 44. Qxg2 Qd3 45. Qb2+ Kg8 46. Rg1+ 1-0

[Event "Abu Dhabi op"]
[Site "Abu Dhabi UAE"]
[Date "2016.08.28"]
[Round "8"]
[White "Savchenko, Boris"]
[Black "Kovalyov, Anton"]
[Result "1-0"]
[WhiteElo "2602"]
[BlackElo "2617"]
[PlyCount "79"]
[GameId "2130307641130820"]
[EventDate "2016.08.21"]
[EventType "swiss"]
[EventRounds "9"]
[EventCountry "UAE"]
[SourceTitle "Mega2016 Update 48"]
[Source "Chessbase"]
[SourceDate "2016.09.02"]
[SourceVersion "1"]
[SourceVersionDate "2016.09.02"]
[SourceQuality "1"]

1. e4 c5 2. Nf3 e6 3. d4 cxd4 4. Nxd4 Nc6 5. Nc3 Qc7 6. Be3 a6 7. Qd2 Nf6 8. O-O-O Bb4 9. f3 Ne5 10. Nb3 b5 11. Kb1 Be7 12. Qf2 Bb7 13. Bb6 Qb8 14. Na5 O-O 15. g4 d6 16. Rg1 Bc8 17. g5 Nfd7 18. Bd4 Qc7 19. b4 d5 20. a3 dxe4 21. Nxe4 Ng6 22. c4 f5 23. Nc3 bxc4 24. Bxc4 Nde5 25. Nd5 exd5 26. Bxd5+ Be6 27. Bxe6+ Kh8 28. f4 Rab8 29. Qb2 Bxb4 30. axb4 Rxb4 31. Qxb4 Rb8 32. Qxb8+ Qxb8+ 33. Bb2 Nxf4 34. Bxf5 Ne2 35. Nb7 Nxg1 36. Rd8+ Qxd8 37. Nxd8 Ngf3 38. Be6 a5 39. Bc3 a4 40. Ka2 1-0

[Event "Abu Dhabi op"]
[Site "Abu Dhabi UAE"]
[Date "2016.08.29"]
[Round "9"]
[White "Kovalyov, Anton"]
[Black "Krishna, C Revanth Gopala"]
[Result "1/2-1/2"]
[WhiteElo "2617"]
[BlackElo "2401"]
[PlyCount "94"]
[GameId "2130307641130851"]
[EventDate "2016.08.21"]
[EventType "swiss"]
[EventRounds "9"]
[EventCountry "UAE"]
[SourceTitle "Mega2016 Update 48"]
[Source "Chessbase"]
[SourceDate "2016.09.02"]
[SourceVersion "1"]
[SourceVersionDate "2016.09.02"]
[SourceQuality "1"]

1. c4 c6 2. d4 d5 3. Nf3 Nf6 4. e3 Bf5 5. Nc3 a6 6. Bd3 Bg6 7. Bxg6 hxg6 8. Qb3 Ra7 9. O-O e6 10. Re1 dxc4 11. Qxc4 b5 12. Qe2 c5 13. Rd1 Rd7 14. Ne5 Qc7 15. h3 Rd8 16. Bd2 Qb7 17. Rac1 Bd6 18. Nf3 cxd4 19. exd4 O-O 20. Bg5 Rfe8 21. a4 b4 22. Bxf6 gxf6 23. Ne4 Be7 24. Nc5 Qc6 25. b3 Rc8 26. Rc4 a5 27. Rdc1 Qd5 28. Qe3 Rc6 29. Ne1 Rd8 30. Ned3 Bxc5 31. Nxc5 Kg7 32. Qf4 Rdc8 33. R1c2 Nd7 34. Nxd7 Qxd7 35. Qc1 Rxc4 36. Rxc4 Rd8 37. Qe3 Qd5 38. Qf4 Qh5 39. f3 Qd5 40. Qc7 Rd7 41. Qc5 Qa8 42. Kh1 Qd8 43. Kg1 Rd5 44. Qa7 Rd7 45. Qc5 Rd5 46. Qa7 Rd7 47. Qc5 Rd5 1/2-1/2

[Event "College Final Four"]
[Site "New York USA"]
[Date "2016.04.02"]
[Round "1.2"]
[White "Zherebukh, Yaroslav"]
[Black "Kovalyov, Anton"]
[Result "0-1"]
[WhiteElo "2606"]
[BlackElo "2608"]
[PlyCount "68"]
[GameId "2130307646530628"]
[EventDate "2016.04.02"]
[EventType "team"]
[EventRounds "3"]
[EventCountry "USA"]
[SourceTitle "Mega2016 Update 27"]
[Source "Chessbase"]
[SourceDate "2016.04.08"]
[SourceVersion "1"]
[SourceVersionDate "2016.04.08"]
[SourceQuality "1"]
[WhiteTeam "Texas Tech Univ"]
[BlackTeam "Texas Rio Grande Valley Univ"]
[WhiteTeamCountry "USA"]
[BlackTeamCountry "USA"]

1. d4 Nf6 2. c4 e6 3. Nf3 b6 4. g3 c6 5. Bg2 d5 6. O-O Be7 7. Qc2 O-O 8. Nbd2 Bb7 9. e4 Na6 10. e5 Nd7 11. a3 Nc7 12. b3 Qb8 13. Bb2 Rc8 14. Rfd1 a5 15. Nf1 c5 16. Ne3 b5 17. a4 bxc4 18. bxc4 dxc4 19. Nxc4 Nd5 20. dxc5 Nxc5 21. Nd6 Nb4 22. Qe2 Ba6 23. Qd2 Nb3 24. Qf4 Rf8 25. Ra3 Nc2 26. Ra2 Be2 27. Rb1 Nb4 28. Ra3 Nd5 29. Qe4 Bxf3 30. Qxf3 Nd2 31. Qd1 Nxb1 32. Rb3 Bxd6 33. Bxd5 Bb4 34. Bxa8 Nd2 0-1